header

Solidarity between parents and their adult children in Europe (Record no. 132342)

MARC details
000 -LEADER
fixed length control field 01448nam a2200361 a 4500
100 1# - MAIN ENTRY--AUTHOR NAME
Personal name Fokkema, Tineke.
245 10 - TITLE STATEMENT
Title Solidarity between parents and their adult children in Europe
260 ## - PUBLICATION, DISTRIBUTION, ETC. (IMPRINT)
Place of publication Amsterdam :
Name of publisher KNAW Press,
Year of publication 2008.
300 ## - PHYSICAL DESCRIPTION
Number of Pages xv, 112 p. :
Other physical details ill.
490 1# - SERIES STATEMENT
Series statement NiDi report,
650 #0 - SUBJECT ADDED ENTRY--TOPICAL TERM
Topical Term Parent and adult child
700 1# - ADDED ENTRY--PERSONAL NAME
Personal name Bekke, Susan ter.
Personal name Dykstra, Pearl A.
856 40 - ELECTRONIC LOCATION AND ACCESS
Uniform Resource Identifier http://site.ebrary.com/lib/rucke/Doc?id=10498800

No items available.

© 2026 Rongo University
Contact us: librarian | system librarian | Rongo university